Visualizzazione normale
Vista MARC
- International All Stars
di Personal Name
Records bibliografici associati: 1
001 - CONTROL NUMBER
- control field: 12486
003 - CONTROL NUMBER IDENTIFIER
- control field: IT-RoPau
005 - DATE AND TIME OF LATEST TRANSACTION
- control field: 20140206153046.0
008 - FIXED-LENGTH DATA ELEMENTS
- fixed length control field: 140206|| aca||aabn | a|a d
040 ## - CATALOGING SOURCE
- Original cataloging agency: IT-RoPau
- Transcribing agency: IT-RoPau
100 ## - HEADING--PERSONAL NAME
- Personal name: International All Stars
- Dates associated with a name: Codice interprete SPICS: 15995
- Relator term: Interprete
670 ## - SOURCE DATA FOUND
- Source citation: Work cat.: (IT-RoPau)99544: AA.VV. 794, Percussion Around the World-International Pop All Stars